[Event "Simpsons 175th"]
[Site "London ENG"]
[Date "2003.08.31"]
[Round "6"]
[White "Emms,J"]
[Black "Speelman,J"]
[Result "1/2-1/2"]
[WhiteElo "2520"]
[BlackElo "2589"]

1.e4 e6 2.d4 d5 3.Nd2 c5 4.exd5 Qxd5 5.Ngf3 cxd4 6.Bc4 Qd6 7.O-O Nf6 8.Re1 Be7
9.Ne4 Qc7 10.Qxd4 Nc6 11.Nxf6+ Bxf6 12.Qe4 Nd4 13.Bd3 Nxf3+ 14.Qxf3 Bd7 15.Bf4 Qb6
16.Rab1 O-O 17.Be5 Bxe5 18.Rxe5 Bc6 19.Qg3 Rfd8 20.b3 a5 21.Rbe1 Qb4 22.a4 Rd5
23.h4 Rad8 24.R1e3 Rxe5 25.Rxe5 h6 26.Re3 Qd6  1/2-1/2

[Event "EuTCh"]
[Site "Plovdiv BUL"]
[Date "2003.10.11"]
[Round "1"]
[White "Lautier,J"]
[Black "Speelman,J"]
[Result "1/2-1/2"]
[WhiteElo "2666"]
[BlackElo "2575"]

1.d4 Nf6 2.c4 e6 3.Nf3 b6 4.g3 Ba6 5.Qb3 c6 6.Bf4 Be7 7.Nc3 O-O 8.e4 d5 9.cxd5 Bxf1
10.Kxf1 cxd5 11.exd5 Nxd5 12.Nxd5 Qxd5 13.Qxd5 exd5 14.Rc1 Na6 15.Kg2 Rfc8
16.Rhe1 Bb4 17.Red1 f6 18.h4 Kf7 19.a3 Be7 20.b4 Bd8 21.Nd2 Bc7 22.Be3  1/2-1/2

[Event "EuTCh"]
[Site "Plovdiv BUL"]
[Date "2003.10.15"]
[Round "5"]
[White "Speelman,J"]
[Black "Shirov,A"]
[Result "1/2-1/2"]
[WhiteElo "2575"]
[BlackElo "2737"]

1.Nf3 d5 2.c4 c6 3.e3 Nf6 4.Nc3 e6 5.d4 Nbd7 6.Qc2 Bd6 7.Bd3 O-O 8.O-O e5
9.cxd5 cxd5 10.e4 dxe4 11.Nxe4 Nxe4 12.Bxe4 h6 13.Be3 exd4 14.Bxd4 Nf6 15.Bf5 Qa5
16.Bxc8 Rfxc8 17.Qb3 Qd5 18.Qxd5  1/2-1/2

[Event "EuTCh"]
[Site "Plovdiv BUL"]
[Date "2003.10.19"]
[Round "8"]
[White "Kveinys,A"]
[Black "Speelman,J"]
[Result "1/2-1/2"]
[WhiteElo "2495"]
[BlackElo "2575"]

1.e4 e6 2.d4 d5 3.Nd2 dxe4 4.Nxe4 Nd7 5.Bd3 Ngf6 6.Qe2 c5 7.Nxf6+ Nxf6 8.dxc5 Bxc5
9.Nf3 O-O 10.O-O b6 11.Bg5 Bb7 12.Rad1 Qc7 13.Ne5 Rfd8 14.Rfe1 Rd5 15.Bf4 Rd4
16.Bg3 Ne4 17.c3 Nxg3 18.hxg3 Rdd8 19.Be4 Bxe4 20.Qxe4 Rac8 21.g4 h6  1/2-1/2

[Event "EuTCh"]
[Site "Plovdiv BUL"]
[Date "2003.10.20"]
[Round "9"]
[White "Speelman,J"]
[Black "Damljanovic,B"]
[Result "1/2-1/2"]
[WhiteElo "2575"]
[BlackElo "2589"]

1.Nf3 c5 2.c4 Nf6 3.Nc3 b6 4.e3 g6 5.d4 Bg7 6.Be2 O-O 7.O-O e6 8.b3 Bb7 9.Bb2 cxd4
10.Nxd4 a6 11.Bf3 Bxf3 12.Qxf3 Ra7 13.Rfd1 Re8 14.e4 h5 15.h3 Nh7 16.Qe2 d6
17.Nf3  1/2-1/2

[Event "4NCL"]
[Site "West Bromwich ENG"]
[Date "2004.01.17"]
[Round "3"]
[White "Pert,N"]
[Black "Speelman,J"]
[Result "1/2-1/2"]
[WhiteElo "2504"]
[BlackElo "2578"]

1.d4 Nf6 2.Nf3 e6 3.c4 b6 4.a3 Bb7 5.Nc3 Ne4 6.Nxe4 Bxe4 7.Bf4 Be7 8.e3 O-O
9.Bd3 Bxd3 10.Qxd3 d6 11.O-O Nd7 12.b4 Bf6 13.Rad1 Re8 14.Qe4 a5 15.Qc6 axb4
16.axb4 Ra7 17.c5 bxc5 18.bxc5 Nb8 19.Qb5 Be7 20.cxd6 cxd6 21.Ra1 Rxa1 22.Rxa1 Qd7
23.Qxd7  1/2-1/2

[Event "Gibraltar Masters"]
[Site "Catalan Bay ENG"]
[Date "2004.01.29"]
[Round "3"]
[White "Emms,J"]
[Black "Speelman,J"]
[Result "1/2-1/2"]
[WhiteElo "2501"]
[BlackElo "2578"]

1.e4 c6 2.d4 d5 3.exd5 cxd5 4.c4 Nf6 5.Nc3 e6 6.Nf3 Bb4 7.Bd3 dxc4 8.Bxc4 O-O
9.O-O b6 10.Bg5 Bb7 11.Ne5 Nbd7 12.Nxd7 Qxd7 13.Bxf6 gxf6 14.d5 Bxc3 15.bxc3 Bxd5
16.Qg4+ Kh8 17.Qh4 Bxc4 18.Qxf6+  1/2-1/2

[Event "Gibraltar Masters"]
[Site "Catalan Bay ENG"]
[Date "2004.01.30"]
[Round "4"]
[White "Speelman,J"]
[Black "Contin,D"]
[Result "1-0"]
[WhiteElo "2578"]
[BlackElo "2394"]

1.Nf3 Nf6 2.c4 b6 3.g3 c5 4.Bg2 Bb7 5.O-O g6 6.b3 Bg7 7.Bb2 d5 8.cxd5 O-O
9.Bxf6 Bxf6 10.Nc3 Bxc3 11.dxc3 Qxd5 12.Qxd5 Bxd5 13.Rfd1 Be4 14.Ne5 Bxg2
15.Kxg2 f6 16.Nd7 Rc8 17.Nxb8 Rcxb8 18.Rd7 Kf7 19.Rad1 a5 20.R1d3 Ke8 21.Rc7 Rc8
22.Rb7 Rab8 23.Rdd7 Rxb7 24.Rxb7 Rc6 25.c4 Rd6 26.a4 f5 27.h4 Kf7 28.Kf3 Kf6
29.g4 h6 30.e3 e6 31.Rb8 e5 32.Kg3 Kf7 33.Rb7+ Kf6 34.Kf3 e4+ 35.Kg3 g5 36.gxf5 Kxf5
37.hxg5 Kxg5 38.Rf7 Rd3 39.Rf4 Rxb3 40.Rxe4 Kf5 41.Rh4 Kg6 42.Kf4 Rb4 43.Ke5 Rxa4
44.f4 Kg7 45.f5 b5 46.f6+ Kf7 47.Rxh6 Rxc4 48.Rh7+ Kf8 49.e4 b4 50.Kf5 b3
51.Kg6 Ke8 52.f7+  1-0

[Event "Gibraltar Masters"]
[Site "Catalan Bay ENG"]
[Date "2004.02.02"]
[Round "7"]
[White "Ganguly,S"]
[Black "Speelman,J"]
[Result "1-0"]
[WhiteElo "2541"]
[BlackElo "2578"]

1.e4 c6 2.d4 d5 3.Nd2 dxe4 4.Nxe4 Nd7 5.Ng5 Ngf6 6.Bd3 e6 7.N1f3 Bd6 8.Qe2 h6
9.Ne4 Nxe4 10.Qxe4 Qc7 11.O-O b6 12.Qg4 Kf8 13.b3 Bb7 14.Bb2 Nf6 15.Qh4 c5
16.dxc5 Qxc5 17.Bd4 Qa5 18.Bxf6 gxf6 19.Be4 Bxe4 20.Qxe4 Rd8 21.Rad1 Qh5
22.Rd3 Kg7 23.Rfd1 Bc7 24.Rd7 b5 25.h3 Bb6 26.c3 Rc8 27.R1d3 Rhe8 28.Nd4 Kh8
29.Qf4 Rg8 30.Qxf6+ Rg7 31.Nxe6  1-0

[Event "4NCL"]
[Site "West Bromwich ENG"]
[Date "2004.03.20"]
[Round "5"]
[White "Hanley,C"]
[Black "Speelman,J"]
[Result "1/2-1/2"]
[WhiteElo "2322"]
[BlackElo "2578"]

1.e4 e6 2.d4 d5 3.e5 c5 4.c3 Nc6 5.Nf3 Bd7 6.Be2 Nh6 7.Na3 cxd4 8.cxd4 Bb4+
9.Kf1 Be7 10.Nc2 Qb6 11.Rb1 f6 12.exf6 Bxf6 13.Bd3 Nf7 14.Be3 Qd8 15.h4 Qe7
16.b4 a6 17.a4 Qd8 18.Ng5 h6 19.Nxf7 Kxf7 20.b5 axb5 21.axb5 Ne7 22.g4 g5
23.Qf3 Kg7 24.hxg5 hxg5 25.Kg2 Ng6 26.Bxg6 Kxg6 27.Bd2 Qc7 28.Qd3+ Kg7 29.Rh5 Qc4
30.Qxc4 dxc4 31.Bxg5 Rxh5 32.Bxf6+ Kxf6 33.gxh5 Rh8 34.Ne3 Rxh5 35.b6 Rh4
36.Nxc4 Rxd4 37.Ne3 Bc6+ 38.Kg3 Ke5 39.Rb2 Kd6 40.f4 Rd3 41.Kf2 Kc5 42.Ke2 Rd8
43.f5 Bb5+ 44.Kf3 exf5 45.Nxf5 Kxb6 46.Ke3 Kc5 47.Ng3 Rd3+ 48.Kf4 Bc6 49.Ne2 Kc4
50.Nc1 Rc3 51.Na2 Ra3 52.Ke5 Ra4 53.Kd6 Bf3 54.Rc2+ Kb3 55.Rc3+ Kxa2 56.Rxf3 Rc4
57.Rf5 Rc6+ 58.Kd5 Ka3 59.Rf7 Rb6 60.Kc5 Rb4 61.Rf6 b5 62.Rb6 Ka4 63.Ra6+  1/2-1/2

[Event "4NCL"]
[Site "West Bromwich ENG"]
[Date "2004.05.01"]
[Round "7"]
[White "Speelman,J"]
[Black "Kosteniuk,A"]
[Result "1/2-1/2"]
[WhiteElo "2578"]
[BlackElo "2469"]

1.Nf3 d5 2.c4 c6 3.e3 Nf6 4.Nc3 e6 5.b3 Nbd7 6.Qc2 Bd6 7.Bb2 Qe7 8.d4 O-O
9.Be2 Re8 10.O-O b6 11.e4 Nxe4 12.Nxe4 dxe4 13.Qxe4 Bb7 14.Rad1 e5 15.dxe5 Nxe5
16.Nxe5 c5 17.Qxb7 Qxb7 18.Rxd6 Rxe5 19.Bxe5 Qe4 20.Bxg7 Qxe2 21.Bh6 Re8
22.h3 Re6 23.Rd8+ Re8 24.Rd6 Re6 25.Rd8+  1/2-1/2

[Event "4NCL"]
[Site "West Bromwich ENG"]
[Date "2004.05.23"]
[Round "11"]
[White "Conquest,S"]
[Black "Speelman,J"]
[Result "0-1"]
[WhiteElo "2543"]
[BlackElo "2578"]

1.e4 c6 2.d4 d5 3.Nc3 dxe4 4.Nxe4 Nd7 5.Ng5 Ngf6 6.Bd3 e6 7.N1f3 Be7 8.Qe2 h6
9.Ne4 Qc7 10.O-O b6 11.Re1 Bb7 12.c4 Rd8 13.Nc3 O-O 14.Bc2 Rfe8 15.Ne5 Nf8
16.Qd3 Bc5 17.Ne2 Bd6 18.Qg3 c5 19.Bxh6 Nh5 20.Qg5 cxd4 21.Ng4 g6 22.Ng3 Be7
23.Qe5 Qxe5 24.Nxe5 Nxg3 25.hxg3 Rc8 26.Rad1 Red8 27.Be4 Bxe4 28.Rxe4 Bf6
29.Bf4 g5 30.Bd2 Bxe5 31.Rxe5 f6 32.Re2 Rxc4 33.Be1 Kf7 34.b3 Rc7 35.f4 g4
36.Re4 Rcd7 37.Rd3 Ng6 38.Bf2 e5 39.fxe5 fxe5 40.Rxg4 Kf6 41.Rf3+ Kg7 42.Be1 Rc8
43.Rd3 Rf7 44.Rd2 Rc1 45.Re4 Kf6 46.Ree2 Ra1 47.Rd3 Rc7 48.Kf2 Rcc1 49.b4 Rcb1
50.Ra3 Rd1 51.Rxa7 d3 52.Rd2 Rxe1 53.Rxd3 Rf1+ 54.Ke3 Rae1+ 55.Kd2 Rd1+ 56.Kc3 Rxd3+
57.Kxd3 Rd1+ 58.Ke2 Rd4 59.b5 Ne7 60.a4 Nd5 61.a5 bxa5 62.Rxa5 Kf5 63.Ra3 Rb4
64.Rf3+ Ke4 65.g4 Rb2+  0-1

[Event "3rd ACP Blitz Prelim1 Playoff"]
[Site "playchess.com INT"]
[Date "2004.05.31"]
[Round "1"]
[White "Speelman,J"]
[Black "Dreev,A"]
[Result "0-1"]
[WhiteElo "2569"]
[BlackElo "2689"]

1.Nf3 c6 2.c4 d5 3.e3 Nf6 4.Nc3 e6 5.b3 Nbd7 6.Qc2 Bd6 7.Bb2 O-O 8.d4 e5
9.cxd5 cxd5 10.Nb5 Bb4+ 11.Bc3 Bxc3+ 12.Nxc3 e4 13.Nd2 Nb8 14.b4 Nc6 15.Qb3 Qd6
16.Rb1 Bd7 17.Be2 Rac8 18.O-O Nxb4 19.Rfc1 a5 20.a3 Nd3 21.Bxd3 exd3 22.h3 b5
23.Nxb5 Rxc1+ 24.Rxc1 Bxb5 25.Qxb5 Qxa3 26.Rd1 Ne4 27.Qb1 Qc3 28.Nf1 Qc2
29.Qxc2 dxc2 30.Rc1 Rc8 31.f3 Nd6 32.Kf2 a4 33.Ke2 a3 34.Nd2 Rc3 35.e4 a2
36.e5 Nb5  0-1

[Event "3rd ACP Blitz Prelim1"]
[Site "playchess.com INT"]
[Date "2004.05.31"]
[Round "5"]
[White "Speelman,J"]
[Black "Volokitin,And"]
[Result "1/2-1/2"]
[WhiteElo "2569"]
[BlackElo "2600"]

1.Nf3 Nf6 2.c4 g6 3.Nc3 Bg7 4.d4 O-O 5.Bg5 c5 6.e3 cxd4 7.exd4 d5 8.Bxf6 Bxf6
9.cxd5 Nd7 10.Bc4 Nb6 11.Bb3 Bg4 12.O-O Bxf3 13.Qxf3 Bxd4 14.Rad1 Bxc3 15.Qxc3 Qd6
16.Rfe1 Rac8 17.Qe3 Rc7 18.h4 a5 19.a3 a4 20.Ba2 Rc2 21.Rd2 Rxd2 22.Qxd2 Rd8
23.Qe3 Rd7 24.Qg5 Nxd5 25.Bxd5 Qxd5 26.Qxd5 Rxd5 27.Rxe7 Rb5 28.Re2 h5 29.g3 Rb3
30.Kg2 Kg7 31.Kg1 Kf6 32.Kg2 b5 33.Kf1 Kf5 34.Kg2 Kf6 35.Kf1 Kf5 36.Kg2 f6
37.Kf1 g5 38.hxg5 fxg5 39.Kg2 h4 40.gxh4 gxh4 41.f3 Kf4 42.Re4+ Kf5 43.Re2 Kf4
44.Re4+ Kf5 45.Re2  1/2-1/2

[Event "3rd ACP Blitz Prelim1"]
[Site "playchess.com INT"]
[Date "2004.05.31"]
[Round "6"]
[White "Baklan,V"]
[Black "Speelman,J"]
[Result "1/2-1/2"]
[WhiteElo "2615"]
[BlackElo "2569"]

1.e4 c6 2.d4 d5 3.e5 c5 4.Nf3 Bg4 5.c4 dxc4 6.Bxc4 e6 7.Qb3 Bxf3 8.Qxf3 Nc6
9.Bb5 Qb6 10.Bxc6+ Qxc6 11.Qxc6+ bxc6 12.dxc5 Bxc5 13.Nd2 O-O-O 14.Ne4 Be7
15.Be3 f5 16.Nd2 Kb7 17.Ke2 Nh6 18.Bxh6 gxh6 19.Rhd1 Rd5 20.f4 Rg8 21.g3 h5
22.Nf1 h4 23.Kf3 hxg3 24.hxg3 Rgd8 25.Ne3 Rxd1 26.Rxd1 Rxd1 27.Nxd1 h5 28.Nf2 c5
29.b3 Kc6 30.Ke2 Kd5 31.Kd3 h4 32.gxh4 Bxh4 33.Nd1 Bg3 34.Ne3+ Kc6 35.Ng2 Kd5
36.Ne3+ Kc6 37.Ng2 Kd5 38.Ne3+  1/2-1/2

[Event "3rd ACP Blitz Prelim1"]
[Site "playchess.com INT"]
[Date "2004.05.31"]
[Round "8"]
[White "Nielsen,PH"]
[Black "Speelman,J"]
[Result "0-1"]
[WhiteElo "2628"]
[BlackElo "2569"]

1.d4 e6 2.c4 b6 3.a3 Bb7 4.Nc3 Nf6 5.Nf3 Ne4 6.Nxe4 Bxe4 7.e3 Be7 8.Bd3 Bxd3
9.Qxd3 O-O 10.O-O d6 11.e4 Nd7 12.b4 Bf6 13.Rb1 e5 14.d5 Kh8 15.Be3 Be7 16.Nd2 a5
17.f3 Bg5 18.Bf2 Bxd2 19.Qxd2 f5 20.exf5 Rxf5 21.Qc2 Qf8 22.Be1 axb4 23.axb4 Rf7
24.Bd2 Nf6 25.Ra1 b5 26.Ra5 bxc4 27.Qxc4 Rc8 28.Rfa1 h6 29.Qc6 Qg8 30.Be1 Re7
31.Bh4 g5 32.Bf2 Rb8 33.Ra8 Kh7 34.Rxb8 Qxb8 35.b5 Qg8 36.b6 cxb6 37.Qxd6 Qf7
38.Rd1 Rd7 39.Qxb6 Rxd5 40.Rc1 Kg7 41.h3 Rd7 42.Bg3 Re7 43.Re1 e4 44.fxe4 Rxe4
45.Rf1 Qe6 46.Kh2 Qxb6  0-1

[Event "3rd ACP Blitz Prelim1"]
[Site "playchess.com INT"]
[Date "2004.05.31"]
[Round "11"]
[White "Speelman,J"]
[Black "Pelletier,Y"]
[Result "1/2-1/2"]
[WhiteElo "2569"]
[BlackElo "2581"]

1.Nf3 Nf6 2.c4 c5 3.Nc3 e6 4.a3 b6 5.e3 Bb7 6.d4 cxd4 7.exd4 Be7 8.d5 exd5
9.cxd5 Bd6 10.Bc4 O-O 11.O-O a6 12.Bg5 Qc7 13.Ba2 Ng4 14.h3 Ne5 15.Nd4 h6
16.Bh4 Ng6 17.Bg3 Bxg3 18.fxg3 Qxg3 19.Nf5 Qe5 20.Qg4 Qc7 21.d6 Qc5+ 22.Kh1 Kh7
23.Rae1 Nc6 24.Ne4 Qc2 25.Nxg7 Nce5 26.Qf5 Bxe4 27.Rxe4 Kxg7 28.Rxe5 Qxf5
29.Rexf5 f6 30.R5f3 Ne5 31.Rg3+ Kh8 32.Rf5 Rac8 33.Rh5 Rc1+ 34.Kh2 Kh7 35.Bd5 f5
36.Re3 Ng6 37.Rf3 Rd1 38.Rhxf5 Rxf5 39.Rxf5 Kh8 40.Bb7 a5 41.Rd5 Rxd5 42.Bxd5 Kg7
43.g4 Kf6 44.Be4 Ne5 45.Kg3 Nc4 46.Kf4 Nxb2 47.h4 Nc4 48.g5+ hxg5+ 49.hxg5+ Kg7
50.Bf5 Nxd6 51.Bxd7 b5 52.Ke5 Nc4+ 53.Kd4 Nxa3 54.Kc5 b4 55.Bf5 b3 56.Kb6 b2
57.Kxa5 b1=Q 58.Bxb1 Nxb1 59.Kb4 Kg6 60.Kb3 Kxg5  1/2-1/2

[Event "3rd ACP Blitz Prelim1"]
[Site "playchess.com INT"]
[Date "2004.05.31"]
[Round "16"]
[White "Volokitin,And"]
[Black "Speelman,J"]
[Result "0-1"]
[WhiteElo "2600"]
[BlackElo "2569"]

1.e4 c6 2.d4 d5 3.e5 c5 4.Nf3 cxd4 5.Nxd4 Nc6 6.c4 dxc4 7.Nxc6 Qxd1+ 8.Kxd1 bxc6
9.Bxc4 Bf5 10.Nc3 e6 11.Be3 Ne7 12.Ke2 Nd5 13.Nxd5 exd5 14.Ba6 Kd7 15.Rac1 Rb8
16.b3 Ba3 17.Rcd1 Ke6 18.f4 Bg4+ 19.Kf2 Bxd1 20.Rxd1 g6 21.Be2 h5 22.Bxa7 Ra8
23.Be3 c5 24.Bf3 Rhd8 25.g4 hxg4 26.Bxg4+ f5 27.Bf3 Bb4 28.a4 Ra7 29.Rg1 Kf7
30.h4 d4 31.Bc1 d3 32.h5 gxh5 33.Bxh5+ Kf8 34.Be3 Rh7 35.Bg6 Rg7 36.Bh5 Rxg1
37.Kxg1 d2 38.Bd1 Ke7 39.Kf2 Ke6 40.Ke2 Rh8 41.Kd3 Rh1 42.Kc2 Rh3 43.Bf2 Rc3+
44.Kxd2 Rxb3+ 45.Kc2 Ra3 46.Kb2 Rh3 47.Bb3+ Ke7 48.a5 Rh2 49.a6 Rxf2+ 50.Bc2 Rd2
51.Kb3 c4+  0-1

[Event "3rd ACP Blitz Prelim1"]
[Site "playchess.com INT"]
[Date "2004.05.31"]
[Round "17"]
[White "Speelman,J"]
[Black "Baklan,V"]
[Result "1/2-1/2"]
[WhiteElo "2569"]
[BlackElo "2615"]

1.Nf3 c5 2.c4 Nf6 3.Nc3 Nc6 4.e3 e6 5.d4 d5 6.a3 a6 7.dxc5 Bxc5 8.b4 Ba7
9.cxd5 exd5 10.b5 axb5 11.Nxb5 Bb6 12.Be2 Ba5+ 13.Bd2 Ne4 14.O-O Nxd2 15.Nxd2 O-O
16.Nb3 Bb6 17.Bf3 Be6 18.N3d4 Ne5 19.a4 Bc5 20.Be2 Qe7 21.Qb3 Nc6 22.Rfd1 h6
23.Rac1 Nxd4 24.Nxd4 b6 25.Bb5 Rac8 26.Qd3 Qf6 27.Rb1 Rfd8 28.Nxe6 fxe6 29.Rd2 e5
30.Rbd1 Kh8 31.Qb3 d4 32.e4 Be7 33.Rc2 Qd6 34.Bd3 Qb4 35.Qxb4 Bxb4 36.Rb2 Bc5
37.g3 Rf8 38.Kg2 Ra8 39.Bb5 g5 40.Rd3 Kg7 41.h3 Rf7 42.Rc2 Raa7  1/2-1/2

[Event "3rd ACP Blitz Prelim1"]
[Site "playchess.com INT"]
[Date "2004.05.31"]
[Round "22"]
[White "Pelletier,Y"]
[Black "Speelman,J"]
[Result "0-1"]
[WhiteElo "2581"]
[BlackElo "2569"]

1.e4 c6 2.d4 d5 3.Nc3 dxe4 4.Nxe4 Nd7 5.Nf3 Ngf6 6.Nxf6+ Nxf6 7.Ne5 Be6 8.c3 g6
9.Be2 Bg7 10.O-O O-O 11.Re1 Qc8 12.Bf1 c5 13.Be3 Nd5 14.Nd3 Nxe3 15.fxe3 b6
16.Nf4 Rd8 17.Qf3 Bg4 18.Qe4 e5 19.Nd5 Qd7 20.c4 Bf5 21.Qh4 exd4 22.exd4 Bxd4+
23.Kh1 Be6 24.Be2 Bxd5 25.cxd5 Bxb2 26.Rad1 Bd4 27.Bf3 Qd6 28.Qh6 Re8 29.Qg5 Kg7
30.h4 h6 31.Qg4 h5 32.Qh3 b5 33.Rf1 Re3 34.Rb1 b4 35.Rb3 Rae8 36.Rxe3 Rxe3
37.Qc8 Qg3 38.Qd8 Bf6 39.Qd7 Qxh4+ 40.Kg1 Bd4  0-1

[Event "Staunton Mem"]
[Site "London ENG"]
[Date "2004.08.23"]
[Round "1"]
[White "Houska,Jo"]
[Black "Speelman,J"]
[Result "0-1"]
[WhiteElo "2375"]
[BlackElo "2555"]

1.e4 c5 2.Nf3 d6 3.c3 Nf6 4.Be2 Bg4 5.h3 Bh5 6.O-O e6 7.Re1 Be7 8.d4 O-O
9.dxc5 Nxe4 10.cxd6 Bxd6 11.Nbd2 Nxd2 12.Bxd2 Nc6 13.Be3 Qc7 14.Nd4 Nxd4
15.Bxh5 Nf5 16.Qb3 Nxe3 17.Rxe3 Bc5 18.Re2 Rad8 19.Bf3 Rd7 20.Rd1 Rfd8 21.Rxd7 Rxd7
22.Qc2 Qf4 23.b4 Bd6 24.Kf1 Bf8 25.Kg1 g6 26.a3 Rc7 27.Re4 Qf6 28.Re3 Bd6
29.g3 a5 30.Qd3 Be5 31.c4 Bd4 32.Re2 axb4 33.axb4 Rxc4 34.Qxc4 Qxf3 35.Qxd4 Qxe2
36.Kg2 Qb5 37.Qd8+ Kg7 38.Qd4+ e5 39.Qd2 Qc6+ 40.Kh2 Qe4 41.b5 Qd4 42.Qc2 h5
43.h4 Qd5 44.Qb2 b6 45.Kg1 Kf6 46.Qb1 Qc4 47.Qb2 Ke6 48.Qb1 Kd6 49.Qd1+ Kc5
50.Qd7 Qd5 51.Qe8 Qe6 52.Qd8 Kxb5 53.f3 Kc5 54.Qg5 Qd5 55.Qc1+ Kb4 56.Qb2+ Kc5
57.Qa3+ Kb5 58.Kg2 Qe6 59.Qd3+ Kc6 60.Qa6 Kd7 61.Qa4+ Ke7 62.g4 hxg4 63.fxg4 e4
64.Qb4+ Ke8 65.Kf2 Qxg4 66.Qxb6 Qxh4+ 67.Ke3 Qh3+ 68.Kd4 Qd3+ 69.Ke5 f6+  0-1

[Event "Staunton Mem"]
[Site "London ENG"]
[Date "2004.08.27"]
[Round "4"]
[White "Speelman,J"]
[Black "Houska,Jo"]
[Result "1-0"]
[WhiteElo "2555"]
[BlackElo "2375"]

1.e4 c6 2.d4 d5 3.f3 g6 4.Nc3 Bg7 5.Be3 Qb6 6.Qd2 Qxb2 7.Rb1 Qa3 8.exd5 Qa5
9.dxc6 bxc6 10.Bc4 Nd7 11.Nge2 Nb6 12.Bb3 Nf6 13.Na4 Qxd2+ 14.Bxd2 O-O 15.Kf2 Rd8
16.Ba5 Nfd7 17.c4 Ba6 18.c5 Bxe2 19.Kxe2 Nxa4 20.Bxa4 Rdc8 21.d5 Nxc5 22.Bxc6 Rab8
23.Bb4 Ne6 24.Bxe7 Rxb1 25.Rxb1 Nd4+ 26.Kd3 Nxc6 27.dxc6 Be5 28.Rc1 Bxh2
29.Kd4 Bc7 30.Kc5 Re8 31.Bd6 Bb6+ 32.Kb5 Re2 33.a4 Rxg2 34.c7 Rg5+ 35.Kc6 Bxc7
36.Bxc7 Rf5 37.a5 Rxf3 38.Kb7 Ra3 39.a6 f5 40.Kxa7 Kf7 41.Kb7 g5 42.Rc6 f4
43.a7 f3 44.a8=Q Rxa8 45.Kxa8 h5 46.Rc3 g4 47.Bg3  1-0

[Event "Staunton Mem"]
[Site "London ENG"]
[Date "2004.08.28"]
[Round "5"]
[White "King,D"]
[Black "Speelman,J"]
[Result "1/2-1/2"]
[WhiteElo "2512"]
[BlackElo "2555"]

1.e4 c6 2.d4 d5 3.exd5 cxd5 4.Bd3 Nc6 5.c3 Nf6 6.Bf4 Bg4 7.Qb3 Qc8 8.Nd2 e6
9.Ngf3 Be7 10.O-O Bh5 11.Ne5 Nxe5 12.Bxe5 O-O 13.Rfe1 Bg6 14.Bf1 Nd7 15.Bg3 Nb8
16.a4 Rd8 17.a5  1/2-1/2

[Event "Monarch Assurance"]
[Site "Port Erin IOM"]
[Date "2004.09.26"]
[Round "2"]
[White "Speelman,J"]
[Black "Afek,Y"]
[Result "1/2-1/2"]
[WhiteElo "2555"]
[BlackElo "2325"]

1.c4 Nf6 2.Nf3 g6 3.Nc3 Bg7 4.d4 O-O 5.Bg5 h6 6.Bh4 d6 7.e3 Nbd7 8.Qc2 c6
9.Be2 a6 10.O-O b5 11.a3 bxc4 12.Bxc4 a5 13.Rfd1 Nb6 14.Bxf6 exf6 15.Ba2 Bf5
16.Qe2 Kh7 17.Rac1 Qe7 18.Nd2 Rfc8 19.Nc4 Nxc4 20.Bxc4 Rab8 21.d5 c5 22.Bb5 Bd7
23.a4 f5 24.Bxd7 Qxd7 25.Nb5 Re8 26.Rc4 Re4 27.b3 Rbe8 28.g3 h5 29.h4 Bf6
30.Kf1 Rxc4 31.bxc4 f4 32.gxf4 Bxh4 33.Qf3  1/2-1/2

[Event "Monarch Assurance"]
[Site "Port Erin IOM"]
[Date "2004.09.27"]
[Round "3"]
[White "Kulaots,K"]
[Black "Speelman,J"]
[Result "1/2-1/2"]
[WhiteElo "2593"]
[BlackElo "2555"]

1.e4 c6 2.d4 d5 3.Nc3 dxe4 4.Nxe4 Nd7 5.Ng5 Ngf6 6.Bd3 e6 7.N1f3 Bd6 8.Qe2 h6
9.Ne4 Nxe4 10.Qxe4 Qc7 11.O-O b6 12.Qg4 Kf8 13.b3 c5 14.dxc5 Nxc5 15.Bb2 e5
16.Bf5 h5 17.Qh3 Ne6 18.Bxe6 Bxe6 19.Qg3 h4 20.Nxh4 Qxc2 21.Rad1 Qxb2 22.Rxd6 Re8
23.f4 exf4 24.Qxf4 Qf6 25.Qxf6 gxf6 26.Nf5 Bxf5 27.Rxf5 Re1+ 28.Kf2 Ra1 29.Rd2 Rxh2  1/2-1/2

[Event "36th Olympiad"]
[Site "Calvia ESP"]
[Date "2004.10.18"]
[Round "4"]
[White "Tyomkin,D"]
[Black "Speelman,J"]
[Result "1/2-1/2"]
[WhiteElo "2505"]
[BlackElo "2555"]

1.d4 e6 2.Nf3 Nf6 3.Bg5 c5 4.e3 h6 5.Bh4 d5 6.c3 Be7 7.Nbd2 O-O 8.Bd3 b6
9.Qe2 Bb7 10.O-O Nbd7 11.Ne5 Nxe5 12.dxe5  1/2-1/2

[Event "36th Olympiad"]
[Site "Calvia ESP"]
[Date "2004.10.19"]
[Round "5"]
[White "Kempinski,R"]
[Black "Speelman,J"]
[Result "1/2-1/2"]
[WhiteElo "2608"]
[BlackElo "2555"]

1.d4 e6 2.Nf3 Nf6 3.c4 Bb4+ 4.Nbd2 b6 5.a3 Bxd2+ 6.Qxd2 Bb7 7.e3 d6 8.Be2 Nbd7
9.O-O O-O 10.b4 Ne4 11.Qd3 f5 12.Nd2 Kh8 13.f3 Nxd2 14.Bxd2 Qe7 15.Qc2 Rac8
16.a4 c5 17.a5 cxd4 18.exd4 b5 19.a6 Bc6 20.c5 e5 21.Bc3 dxc5 22.bxc5 Nf6
23.Qb2 b4 24.Bxb4 Nd5 25.Bc4 Ne3 26.Rfc1 exd4 27.Qxd4 Bxf3 28.Bf1 Bc6 29.Bd2 Nxf1
30.Rxf1 Rcd8 31.Qe3 Qf7  1/2-1/2

[Event "4NCL"]
[Site "West Bromwich ENG"]
[Date "2004.10.19"]
[Round "2"]
[White "Speelman,J"]
[Black "Martin,AD"]
[Result "1/2-1/2"]
[WhiteElo "2555"]
[BlackElo "2433"]

1.e4 d5 2.exd5 Qxd5 3.Nc3 Qa5 4.Nf3 Nf6 5.Bc4 c6 6.Qe2 Bf5 7.Ne5 e6 8.g4 Bg6
9.h4 Nbd7 10.Nxd7 Nxd7 11.d3 h5 12.Bd2 Qe5 13.g5  1/2-1/2

[Event "36th Olympiad"]
[Site "Calvia ESP"]
[Date "2004.10.20"]
[Round "6"]
[White "Speelman,J"]
[Black "Gonzalez Garcia,J"]
[Result "1/2-1/2"]
[WhiteElo "2555"]
[BlackElo "2447"]

1.Nf3 d5 2.d4 Nf6 3.c4 dxc4 4.e3 e6 5.Bxc4 c5 6.O-O Nc6 7.a3 Be7 8.dxc5 Bxc5
9.b4 Bd6 10.Bb2 O-O 11.Nbd2 Qe7 12.Be2 a6 13.Nc4 Bc7 14.Nce5 Nxe5 15.Nxe5 Rd8
16.Qc2 Bxe5 17.Bxe5 Bd7 18.Bf3 Rac8 19.Bc7 Qf8 20.Rfc1 Nd5 21.Bxd5 exd5 22.Qd2 Re8
23.Qxd5 Bc6 24.Qd6 Qxd6 25.Bxd6 f6 26.Bc5 Kf7 27.f3 Red8 28.a4 Rd2 29.a5 Bb5
30.Rd1 Rcd8 31.Bd4 Rxd1+ 32.Rxd1 Rc8 33.Bc5 Ke8 34.Kf2 Rd8 35.Bd4 Rc8 36.g4 Ba4
37.Ra1 Rc2+ 38.Kg3 Bc6 39.h4 Kf7 40.h5 Ke6 41.Bc5 Rd2 42.Rc1 Rd3 43.Kf4 Kf7
44.Bd4 Rb3 45.Bc3 g6 46.hxg6+ hxg6 47.e4 g5+ 48.Ke3 Ra3 49.Kd4 Ra2 50.Rh1 Kg7
51.Rh3 Rf2 52.Ke3 Rc2 53.Bd2 Ra2 54.Bc3 Rc2 55.Kd3 Rf2 56.Bd4 Bb5+ 57.Kc3 Bf1
58.Bxf2  1/2-1/2

[Event "36th Olympiad"]
[Site "Calvia ESP"]
[Date "2004.10.22"]
[Round "7"]
[White "Timman,J"]
[Black "Speelman,J"]
[Result "1/2-1/2"]
[WhiteElo "2602"]
[BlackElo "2555"]

1.d4 Nf6 2.c4 e6 3.Nf3 b6 4.g3 Bb7 5.Bg2 Be7 6.O-O O-O 7.Nc3 Ne4 8.Qc2 Nxc3
9.Qxc3 Bf6 10.Rd1 d6 11.b3 Nd7 12.Bb2 Qe7 13.Qc2 g6 14.e4 e5 15.d5 Bg7 16.Re1 Bh6
17.Bh3 a5 18.a3 c5 19.Bc3 Bc8 20.Nh4 Nf6 21.Bxc8 Raxc8 22.Qd3 Nd7 23.Re2  1/2-1/2

[Event "36th Olympiad"]
[Site "Calvia ESP"]
[Date "2004.10.25"]
[Round "10"]
[White "Speelman,J"]
[Black "Tu Hoang Thong"]
[Result "1-0"]
[WhiteElo "2555"]
[BlackElo "2499"]

1.Nf3 d5 2.d4 c6 3.c4 e6 4.Qc2 f5 5.Bf4 Nf6 6.e3 Be7 7.Be2 O-O 8.Nbd2 Ne4
9.h4 Qa5 10.a3 Nd7 11.c5 Nxd2 12.Qxd2 Qd8 13.g3 a5 14.Rc1 a4 15.Qc2 Re8 16.O-O Bf6
17.Qc3 g6 18.Kg2 Qa5 19.Qxa5 Rxa5 20.Bc7 Ra8 21.Ne5 Bd8 22.Bxd8 Rxd8 23.Nd3 Re8
24.Rfd1 Kg7 25.Rd2 Ra5 26.f3 Re7 27.Kf2 Re8 28.Bd1 Re7 29.Ne5 Kf6 30.g4 h6
31.Kg3 g5 32.f4 Rg7 33.hxg5+ hxg5 34.Rh2 gxf4+ 35.Kxf4 Nxe5 36.g5+ Ke7 37.Kxe5 Bd7
38.Kf4 Ra8 39.Bc2 Ra5 40.Rch1 Kf7 41.Bd1 b6 42.Ke5 bxc5 43.dxc5 Bc8 44.Rh8 Rxc5
45.Kd6  1-0

[Event "36th Olympiad"]
[Site "Calvia ESP"]
[Date "2004.10.28"]
[Round "13"]
[White "Smerdon,D"]
[Black "Speelman,J"]
[Result "1/2-1/2"]
[WhiteElo "2425"]
[BlackElo "2555"]

1.e4 c6 2.d4 d5 3.Nd2 dxe4 4.Nxe4 Nd7 5.Ng5 Ngf6 6.Bd3 e6 7.N1f3 Bd6 8.Qe2 h6
9.Ne4 Nxe4 10.Qxe4 Qc7 11.O-O b6 12.Qg4 Kf8 13.b3 Bb7 14.Bb2 Nf6 15.Qh4 c5
16.dxc5 Qxc5 17.Bd4 Qa5 18.Bxf6 Bxf3 19.Bb2 Bc6 20.Qd4 Ke7 21.Rfd1 Qh5 22.Qxd6+ Kxd6
23.Be2+ Qd5 24.Bf3 f6 25.Bxd5 exd5 26.c4 Ke6 27.cxd5+ Bxd5 28.Rd3 Bc6 29.Rc1 Rhc8
30.a4 Kf7 31.Ba3 Kg8 32.h4 Be4 33.Rd7 Rxc1+ 34.Bxc1 Bc2 35.b4 Bxa4 36.Rb7 Bc6
37.Rc7 Be8 38.Rb7 Bc6 39.Rc7 Bd5 40.Rd7 Bf7 41.Be3 h5 42.Kf1 Rc8 43.Rxa7 Rc4
44.b5 Rxh4 45.Bxb6 Rh1+ 46.Ke2 Bc4+ 47.Ke3 Bxb5 48.Kf4 Rh4+ 49.Kg3 Rg4+ 50.Kh2 Bf1
51.Ra1 Bxg2 52.Rg1 Bf3 53.Rxg4 Bxg4 54.Kg3 Kf7 55.f4 g5 56.fxg5 fxg5 57.Bg1 Kg6
58.Bh2 Bc8 59.Bg1 Kf5 60.Be3 Bd7 61.Bd2 h4+ 62.Kh2 Bc8 63.Be3 g4 64.Bf2 Kg5
65.Be3+ Kh5 66.Bf2 Bd7 67.Be1  1/2-1/2